Perfiles de la cultura china
Gespeichert in:
| Hauptverfasser: | , |
|---|---|
| Format: | Buch |
| Sprache: | Spanisch |
| Veröffentlicht: |
Beijing
China Intercontinental
2001
|
| Schriftenreihe: | Series Básicas de China
|
| Schlagworte: | |
| Tags: |
Tag hinzufügen
Keine Tags, Fügen Sie den ersten Tag hinzu!
|
MARC
| LEADER | 00000cam a2200000 a 4500 | ||
|---|---|---|---|
| 001 | UCL4799 | ||
| 003 | CL-VaPUC | ||
| 008 | 040227e20010000ch |||||||||||||||||spa|d | ||
| 020 | |a 7801138163 | ||
| 082 | 0 | 4 | |a 306.4 |b FEN |2 21 |
| 100 | 0 | |a Feng, Lingyu |e author |9 482454 | |
| 700 | 0 | |a Shi, Weimin |e author |9 482455 | |
| 245 | 1 | 0 | |a Perfiles de la cultura china |
| 300 | |a 199 p | ||
| 942 | |c BK | ||
| 945 | |d 20040227 00:00:00 |a cmena | ||
| 260 | |a Beijing |b China Intercontinental |c 2001 | ||
| 650 | 0 | |a Antropología cultural y social |9 265143 | |
| 650 | 0 | |a Arte chino |9 347015 | |
| 650 | 0 | |a Creencias religiosas |9 373391 | |
| 650 | 7 | |a LITERATURA CHINA |2 CL-VaPUC |9 352595 | |
| 650 | 0 | |a Costumbres y tradiciones |9 268292 | |
| 651 | 0 | |a China |9 257545 | |
| 583 | |a last modification |c 20130822 02:21:13 |k Rodrigo Vera | ||
| 490 | 0 | |a Series Básicas de China | |
| 999 | |c 307566 |d 307564 | ||
| 952 | |0 0 |1 0 |4 0 |6 306_400000000000000_FEN_2001 |7 0 |8 A |9 373586 |a BIBGIM |b BIBGIM |d 2019-11-21 |i 3971813 |o 306.4 FEN 2001 |p 3971813 |r 2025-01-15 |w 2019-11-21 |y BK |k ORI | ||
| 952 | |0 0 |1 0 |4 0 |6 306_400000000000000_FEN_2001 |7 0 |8 A |9 373587 |a BIBGIM |b BIBGIM |d 2019-11-21 |i 4518764 |o 306.4 FEN 2001 |p 4518764 |r 2025-01-15 |w 2019-11-21 |y BK |k ORI | ||